000 00450nam a2200181Ia 4500
003 OSt
005 20230508063930.0
008 210423s2000 xx 000 0 und d
040 _cAL
041 _aeng
082 _a158.3
_223
_bPATC
100 _aPATTERSON (Lewis E T);others.
_999720
245 _aCouncelling process.
260 _aAustralia
_bBrooks Cole
_c2000
365 _b225
_cINR
906 _aCouncelling ; process.
942 _2ddc
_cBK
999 _c171377
_d171377